[Event "Aeroflot Open B 2015"]
[Site "Moscú RUS"]
[Date "2015.03.29"]
[Round "3.12"]
[White "Sarana, Alexey"]
[Black "Firat, Burak"]
[Result "1-0"]
[WhiteElo "2419"]
[BlackElo "2478"]
[PlyCount "75"]
[EventDate "2015.03.27"]
[EventRounds "9"]
[EventCountry "RUS"]
[Source "lmi"]
[SourceDate "2015.03.27"]

1. Nf3 d5 2. d4 Nf6 3. c4 c6 4. Nc3 e6 5. Bg5 Nbd7 6. e3 Qa5 7. cxd5 Nxd5 8.
Qd2 Bb4 9. Rc1 O-O 10. a3 Bxc3 11. bxc3 h6 12. Bh4 Qxa3 13. Bd3 Ne7 14. e4 e5
15. O-O Ng6 16. Bg3 Qe7 17. h4 exd4 18. cxd4 Re8 19. h5 Ngf8 20. d5 cxd5 21.
exd5 Nf6 22. d6 Qd8 23. Bb5 Ne4 24. Qd4 Nxg3 25. fxg3 Ne6 26. Qf2 Bd7 27. Bxd7
Qxd7 28. Ne5 Qxd6 29. Qxf7+ Kh7 30. Qg6+ Kg8 31. Ng4 Kh8 32. Nxh6 Qd4+ 33. Kh2
Nf8 34. Qf7 Ne6 35. Rce1 Nc7 36. Qxc7 gxh6 37. Rf7 Kg8 38. Rh7 1-0

[Event "Aeroflot Open B 2015"]
[Site "Moscú RUS"]
[Date "2015.03.29"]
[Round "3.13"]
[White "Baghdasaryan, Vahe"]
[Black "Badmatsyrenov, Oleg"]
[Result "1-0"]
[WhiteElo "2400"]
[BlackElo "2468"]
[PlyCount "81"]
[EventDate "2015.03.27"]
[EventRounds "9"]
[EventCountry "RUS"]
[Source "lmi"]
[SourceDate "2015.03.27"]

1. Nf3 c5 2. c4 g6 3. Nc3 Bg7 4. g3 Nc6 5. Bg2 d6 6. O-O h5 7. h3 Nh6 8. e4 h4
9. d3 hxg3 10. fxg3 Ng8 11. g4 Be6 12. Ne2 Qd7 13. Be3 O-O-O 14. d4 Bxg4 15.
hxg4 Qxg4 16. d5 Ne5 17. Nxe5 Bxe5 18. Bf4 Nf6 19. Bxe5 dxe5 20. Qd3 Rh4 21.
Nc3 Qg5 22. Rf3 Rf4 23. Raf1 Rh8 24. Rxf4 exf4 25. Ne2 Rh4 26. Qf3 Qe5 27. Qc3
Qg5 28. Qf3 Qe5 29. Nxf4 g5 30. Nh3 Kc7 31. Qc3 Qxc3 32. bxc3 Nxe4 33. Rxf7 Kd6
34. Rf3 Nd2 35. Re3 Rxc4 36. Nxg5 Rh4 37. Nf7+ Kd7 38. Bh3+ Kc7 39. Rxe7+ Kb6
40. Bg2 Nc4 41. d6 1-0

[Event "Aeroflot Open B 2015"]
[Site "Moscú RUS"]
[Date "2015.03.29"]
[Round "3.14"]
[White "Golubov, Saveliy"]
[Black "Yilmazyerli, Mert"]
[Result "1/2-1/2"]
[WhiteElo "2362"]
[BlackElo "2464"]
[PlyCount "45"]
[EventDate "2015.03.27"]
[EventRounds "9"]
[EventCountry "RUS"]
[Source "lmi"]
[SourceDate "2015.03.27"]

1. e4 g6 2. d4 Bg7 3. Nc3 d6 4. f4 a6 5. Nf3 b5 6. Bd3 Nd7 7. Qe2 c5 8. dxc5
Nxc5 9. Be3 Bb7 10. Bxc5 Bxc3+ 11. bxc3 dxc5 12. c4 bxc4 13. Bxc4 Nf6 14. Rb1
Qc7 15. Nd2 O-O 16. O-O e6 17. Bd3 Rfd8 18. e5 Ne8 19. Qe3 Bd5 20. c4 Bb7 21.
Nb3 Rac8 22. Rfd1 Ng7 23. Nxc5 1/2-1/2

[Event "Aeroflot Open B 2015"]
[Site "Moscú RUS"]
[Date "2015.03.29"]
[Round "3.15"]
[White "Abdulov, Orkhan"]
[Black "Harutyunian, Tigran K"]
[Result "1/2-1/2"]
[WhiteElo "2337"]
[BlackElo "2445"]
[PlyCount "146"]
[EventDate "2015.03.27"]
[EventRounds "9"]
[EventCountry "RUS"]
[Source "lmi"]
[SourceDate "2015.03.27"]

1. e4 e5 2. Nf3 Nc6 3. Bb5 Nf6 4. O-O Nxe4 5. d4 Nd6 6. Bxc6 dxc6 7. dxe5 Nf5
8. Qxd8+ Kxd8 9. Nc3 Ke8 10. Rd1 Ne7 11. h3 Ng6 12. Ne2 h6 13. c4 Bc5 14. Ned4
a5 15. Be3 Be7 16. Rd3 a4 17. Rad1 h5 18. Bg5 f6 19. exf6 gxf6 20. Bh4 Kf7 21.
Bg3 Bd6 22. Bxd6 cxd6 23. Nd2 Re8 24. N4f3 Nf4 25. Rxd6 Rg8 26. Kh1 Be6 27. Ne4
Rxg2 28. Nd4 Re8 29. Ne2 Rxf2 30. Nxf2 Nxe2 31. b3 Nf4 32. Kh2 axb3 33. axb3
Bf5 34. Kg3 Ng6 35. Kf3 Ne5+ 36. Kf4 Bc2 37. R1d4 Bxb3 38. Ne4 Bxc4 39. Rxf6+
Kg7 40. Nd6 Re7 41. Rf5 Ng6+ 42. Kg5 Bb3 43. Rf2 Kh7 44. Rb4 Bd5 45. Rxb7 Rxb7
46. Nxb7 h4 47. Kf6 Kh6 48. Nd6 Nf8 49. Rf4 Kh5 50. Rf2 Kh6 51. Rf4 Kh5 52. Ne8
Nd7+ 53. Ke7 Nc5 54. Nf6+ Kg5 55. Rg4+ Kf5 56. Rxh4 Nd3 57. Ne8 Nf4 58. Nd6+
Ke5 59. Rh6 c5 60. h4 c4 61. Nb5 Be6 62. Nc3 Nd5+ 63. Nxd5 Bxd5 64. Rh8 c3 65.
h5 Bb7 66. Rg8 c2 67. Rg1 Kd4 68. h6 Be4 69. Kd6 Kc3 70. Ke5 Bh7 71. Rc1 Kd2
72. Rxc2+ Bxc2 73. h7 Bxh7 1/2-1/2

[Event "Aeroflot Open B 2015"]
[Site "Moscú RUS"]
[Date "2015.03.29"]
[Round "3.16"]
[White "Liu, Chang"]
[Black "Kryakvin, Dmitry"]
[Result "1-0"]
[WhiteElo "2357"]
[BlackElo "2544"]
[PlyCount "93"]
[EventDate "2015.03.27"]
[EventRounds "9"]
[EventCountry "RUS"]
[Source "lmi"]
[SourceDate "2015.03.27"]

1. c4 c6 2. d4 d5 3. Nf3 Nf6 4. Nc3 dxc4 5. a4 Bf5 6. Ne5 Nbd7 7. Nxc4 Nb6 8.
Ne5 a5 9. f3 Nfd7 10. Nxd7 Nxd7 11. e4 Bg6 12. Be3 Qb6 13. Qd2 e5 14. O-O-O
exd4 15. Qxd4 Qxd4 16. Bxd4 f6 17. Bc4 Bb4 18. Be6 Nf8 19. Bh3 Ke7 20. e5 f5
21. Bf2 Ne6 22. Bh4+ Ke8 23. Ne4 fxe4 24. Bxe6 Be7 25. Bd7+ Kf8 26. Bg3 exf3
27. gxf3 h5 28. h4 Be8 29. f4 b5 30. axb5 cxb5 31. f5 a4 32. e6 b4 33. Be5 Rh7
34. Bxe8 Kxe8 35. Rd5 a3 36. bxa3 bxa3 37. Kb1 Rc8 38. Rh3 Kf8 39. Rd7 Ke8 40.
Rb3 Bxh4 41. f6 Bxf6 42. Bxf6 Rh6 43. Re7+ Kf8 44. Rf7+ Ke8 45. Bxg7 Rxe6 46.
Rf8+ Kd7 47. Rd3+ 1-0

[Event "Aeroflot Open B 2015"]
[Site "Moscú RUS"]
[Date "2015.03.29"]
[Round "3.17"]
[White "Bortnyk, Olexandr"]
[Black "Kanter, Eduard"]
[Result "1-0"]
[WhiteElo "2543"]
[BlackElo "2349"]
[PlyCount "39"]
[EventDate "2015.03.27"]
[EventRounds "9"]
[EventCountry "RUS"]
[Source "lmi"]
[SourceDate "2015.03.27"]

1. e4 c5 2. Nf3 d6 3. d4 cxd4 4. Nxd4 Nf6 5. Nc3 a6 6. a4 b6 7. Bc4 e6 8. Bg5
Qc7 9. Qe2 Be7 10. O-O-O O-O 11. f4 Nc6 12. Nxc6 Qxc6 13. Kb1 Qc7 14. e5 Ne8
15. Bxe7 Qxe7 16. f5 b5 17. f6 gxf6 18. Bd3 Bb7 19. Qg4+ Kh8 20. Qh4 1-0

[Event "Aeroflot Open B 2015"]
[Site "Moscú RUS"]
[Date "2015.03.29"]
[Round "3.18"]
[White "Abhishek, Kelkar"]
[Black "Guliyev, Namig"]
[Result "1/2-1/2"]
[WhiteElo "2343"]
[BlackElo "2539"]
[PlyCount "195"]
[EventDate "2015.03.27"]
[EventRounds "9"]
[EventCountry "RUS"]
[Source "lmi"]
[SourceDate "2015.03.27"]

1. e4 c5 2. Nf3 e6 3. d4 cxd4 4. Nxd4 Nf6 5. Nc3 d6 6. Be3 a6 7. Qf3 Nbd7 8.
Be2 Qc7 9. g4 b5 10. g5 Ne5 11. Qg3 Nfd7 12. a3 Bb7 13. Rd1 Nc4 14. Bc1 Rc8 15.
O-O Nxa3 16. g6 hxg6 17. Nxe6 fxe6 18. Qxg6+ Ke7 19. Bf4 e5 20. Bg5+ Nf6 21. f4
Qc5+ 22. Kh1 Nxc2 23. Nd5+ Bxd5 24. Rxd5 Qe3 25. fxe5 Qxe2 26. exf6+ Kd7 27.
Qf5+ Kc7 28. Rf2 Qe1+ 29. Rf1 Qg3 30. Rf2 Nb4 31. Rc5+ dxc5 32. Bf4+ Qxf4 33.
Qxf4+ Kb6 34. Rg2 g5 35. Qxg5 Bh6 36. Qf5 Nc6 37. f7 Be3 38. Rg6 Rhd8 39. Qf3
Bd4 40. Qg4 Kc7 41. Qe6 Kb7 42. Rg8 Rb8 43. Rxd8 Rxd8 44. Qh6 Bxb2 45. f8=Q
Rxf8 46. Qxf8 c4 47. h4 Bd4 48. h5 c3 49. Qf7+ Kb6 50. Qb3 a5 51. h6 a4 52. Qd1
Be5 53. h7 Nd4 54. Kg2 c2 55. Qc1 b4 56. Qg5 Nc6 57. Qxe5 Nxe5 58. h8=Q c1=Q
59. Qb8+ Ka6 60. Qa8+ Kb5 61. Qb8+ Kc5 62. Qxe5+ Kc6 63. Qd5+ Kb6 64. Qd6+ Qc6
65. Qxb4+ Qb5 66. Qd6+ Ka5 67. Qd2+ Qb4 68. Qd5+ Qb5 69. Qd2+ Kb6 70. Qd6+ Kb7
71. Qe7+ Kc6 72. Qe6+ Kc7 73. Qe7+ Qd7 74. Qc5+ Qc6 75. Qe7+ Kc8 76. Qf8+ Kd7
77. Qf7+ Kd6 78. Qf6+ Kc5 79. Qc3+ Kb5 80. Qb2+ Ka6 81. Kf3 Qb7 82. Qe2+ Ka7
83. Qe3+ Ka8 84. Ke2 Qb2+ 85. Kd1 a3 86. Qc1 Qd4+ 87. Kc2 Qc5+ 88. Kd2 Qd6+ 89.
Kc2 Qc5+ 90. Kd2 Qd4+ 91. Kc2 Qc4+ 92. Kd2 Qd4+ 93. Kc2 Qb4 94. Qa1 Qa4+ 95.
Kc3 Kb7 96. Qa2 Qxe4 97. Qxa3 Qe3+ 98. Kb2 1/2-1/2

[Event "Aeroflot Open B 2015"]
[Site "Moscú RUS"]
[Date "2015.03.29"]
[Round "3.19"]
[White "Sivuk, Vitaly"]
[Black "Mammadzada, Gunay"]
[Result "1-0"]
[WhiteElo "2527"]
[BlackElo "2336"]
[PlyCount "105"]
[EventDate "2015.03.27"]
[EventRounds "9"]
[EventCountry "RUS"]
[Source "lmi"]
[SourceDate "2015.03.27"]

1. d4 d5 2. c4 c6 3. Nc3 Nf6 4. Nf3 dxc4 5. a4 Bf5 6. Ne5 e6 7. f3 Bb4 8. e4
Bxe4 9. fxe4 Nxe4 10. Bd2 Qxd4 11. Nxe4 Qxe4+ 12. Qe2 Bxd2+ 13. Kxd2 Qd5+ 14.
Kc2 O-O 15. Nxc4 Na6 16. Qe5 Rab8 17. Be2 Nb4+ 18. Kb3 b5 19. Qxd5 cxd5 20. Na3
Nc6 21. Ka2 bxa4 22. Bb5 Nb4+ 23. Kb1 Rb6 24. Rc1 Rfb8 25. Rc7 R6b7 26. Rxb7
Rxb7 27. Bxa4 Nd3 28. Kc2 Nc5 29. Bb5 a6 30. Bf1 Kf8 31. Nb1 d4 32. Nd2 Rc7 33.
Kd1 Rb7 34. Ra5 Nd7 35. b3 Nb8 36. Bc4 Ke7 37. Ke2 f6 38. Ne4 e5 39. Nc5 Rb6
40. Nxa6 Nc6 41. Rb5 Rxb5 42. Bxb5 Kd6 43. Kd3 Nd8 44. Bc4 f5 45. Bg8 h6 46.
Bh7 Ke6 47. b4 Nc6 48. b5 e4+ 49. Kc4 Na7 50. b6 Nc8 51. Nc5+ Ke5 52. Nd7+ Ke6
53. Kxd4 1-0

[Event "Aeroflot Open B 2015"]
[Site "Moscú RUS"]
[Date "2015.03.29"]
[Round "3.20"]
[White "Demianjuk, Alexander"]
[Black "Papin, Vasily"]
[Result "1/2-1/2"]
[WhiteElo "2340"]
[BlackElo "2501"]
[PlyCount "76"]
[EventDate "2015.03.27"]
[EventRounds "9"]
[EventCountry "RUS"]
[Source "lmi"]
[SourceDate "2015.03.27"]

1. d4 Nf6 2. c4 e6 3. Nf3 b6 4. g3 Ba6 5. b3 Bb7 6. Bg2 Bb4+ 7. Bd2 a5 8. O-O
O-O 9. Nc3 d6 10. a3 Bxc3 11. Bxc3 Nbd7 12. Rc1 Qb8 13. a4 Re8 14. e3 h6 15.
Bb2 Be4 16. Bh3 Bb7 17. Bg2 Ra7 18. Nd2 Bxg2 19. Kxg2 e5 20. Qf3 Qd8 21. Ne4
Nxe4 22. Qxe4 exd4 23. Qxd4 f6 24. Qd5+ Kh8 25. Bd4 Qe7 26. Rfd1 Nf8 27. h4 Ne6
28. Re1 Raa8 29. Rcd1 Rad8 30. e4 Qf7 31. Re3 Re7 32. Bb2 Rde8 33. Qf5 Nc5 34.
Rde1 Kg8 35. f3 Nd7 36. g4 Ne5 37. h5 Nd7 38. Bd4 Nf8 1/2-1/2

[Event "Aeroflot Open B 2015"]
[Site "Moscú RUS"]
[Date "2015.03.29"]
[Round "3.21"]
[White "Gordievsky, Dmitry"]
[Black "Lorparizangeneh, Shahin"]
[Result "1-0"]
[WhiteElo "2472"]
[BlackElo "2319"]
[PlyCount "73"]
[EventDate "2015.03.27"]
[EventRounds "9"]
[EventCountry "RUS"]
[Source "lmi"]
[SourceDate "2015.03.27"]

1. d4 d5 2. c4 c6 3. Nc3 Nf6 4. e3 e6 5. Nf3 a6 6. c5 b6 7. cxb6 Qxb6 8. Bd3 a5
9. O-O Ba6 10. Ne5 Bd6 11. Bxa6 Rxa6 12. e4 O-O 13. Re1 Bb4 14. Re3 c5 15. Rg3
cxd4 16. Bh6 g6 17. Bxf8 Bxf8 18. Ne2 Nxe4 19. Rb3 Qd6 20. Nd3 Nc6 21. Rb7 a4
22. Rc1 Bh6 23. Rc2 e5 24. f4 exf4 25. Qf1 Ne5 26. Rc8+ Kg7 27. Nexf4 Rb6 28.
Ra7 Qf6 29. Nxd5 Nxd3 30. Qxf6+ Nxf6 31. Nxb6 Ng4 32. Nc4 Nc1 33. Rcc7 d3 34.
Rxf7+ Kg8 35. Rfd7 Ne2+ 36. Kf1 Nxh2+ 37. Ke1 1-0

[Event "Aeroflot Open B 2015"]
[Site "Moscú RUS"]
[Date "2015.03.29"]
[Round "3.22"]
[White "Kathmale, Sameer"]
[Black "Dvalishvili, Pavel S"]
[Result "1-0"]
[WhiteElo "2322"]
[BlackElo "2439"]
[PlyCount "81"]
[EventDate "2015.03.27"]
[EventRounds "9"]
[EventCountry "RUS"]
[Source "lmi"]
[SourceDate "2015.03.27"]

1. e4 e5 2. Nf3 Nc6 3. Bb5 Nge7 4. c3 d6 5. d4 Bd7 6. O-O Ng6 7. dxe5 Ngxe5 8.
Nd4 Be7 9. f4 Nxd4 10. Bxd7+ Nxd7 11. cxd4 O-O 12. Nc3 c6 13. Be3 Re8 14. Qd3
b5 15. Rf3 Bf8 16. Raf1 Nf6 17. Bc1 b4 18. e5 bxc3 19. exf6 Qxf6 20. bxc3 Qe6
21. Qa6 Qd5 22. a4 c5 23. Be3 Qb3 24. Bf2 c4 25. d5 Rac8 26. Bd4 Rc7 27. f5 Qb7
28. Qxb7 Rxb7 29. f6 g6 30. Re3 Rxe3 31. Bxe3 Rb3 32. Bd4 a6 33. Re1 Rb8 34.
Kf2 h5 35. Re4 Kh7 36. Be3 Rc8 37. h4 Kg8 38. Bg5 Kh7 39. Ke3 Kg8 40. Kd4 Kh7
41. Re2 1-0

[Event "Aeroflot Open B 2015"]
[Site "Moscú RUS"]
[Date "2015.03.29"]
[Round "3.23"]
[White "Yeletsky, Ivan"]
[Black "Abdyjapar, Asyl"]
[Result "0-1"]
[WhiteElo "2312"]
[BlackElo "2400"]
[PlyCount "61"]
[EventDate "2015.03.27"]
[EventRounds "9"]
[EventCountry "RUS"]
[Source "lmi"]
[SourceDate "2015.03.27"]

1. e4 c5 2. Nf3 d6 3. d4 cxd4 4. Nxd4 Nf6 5. Nc3 g6 6. Be3 Bg7 7. f3 O-O 8. Qd2
Nc6 9. O-O-O d5 10. exd5 Nxd5 11. Nxc6 bxc6 12. Bd4 Bxd4 13. Qxd4 Qb6 14. Na4
Qc7 15. Bc4 Rd8 16. g3 Bh3 17. Qf2 Nb6 18. Bb3 Nxa4 19. Bxa4 c5 20. Qe3 Be6 21.
Qc3 Rab8 22. Rhe1 Qb6 23. f4 c4 24. Qe5 Qa6 25. Rxd8+ Rxd8 26. b3 Rc8 27. Re3
Qb6 28. Kb2 Rc5 29. Qd4 cxb3 30. Rc3 bxa2+ 31. Bb3 0-1

[Event "Aeroflot Open B 2015"]
[Site "Moscú RUS"]
[Date "2015.03.29"]
[Round "3.24"]
[White "Vojinovic, Jovana"]
[Black "Tologontegin, Semetey"]
[Result "0-1"]
[WhiteElo "2284"]
[BlackElo "2399"]
[PlyCount "90"]
[EventDate "2015.03.27"]
[EventRounds "9"]
[EventCountry "RUS"]
[Source "lmi"]
[SourceDate "2015.03.27"]

1. Nf3 b5 2. g3 Bb7 3. Bg2 Nf6 4. b3 g6 5. Bb2 Bg7 6. c4 bxc4 7. bxc4 O-O 8. d4
c5 9. d5 d6 10. Nbd2 Nbd7 11. O-O Qa5 12. Qc2 Rab8 13. Bc3 Qa3 14. Rfb1 Nb6 15.
Rb3 Qa4 16. Qc1 Ra8 17. Ra3 Qd7 18. Rb1 Rfb8 19. Qc2 Qe8 20. e4 Bc8 21. Re1 Qf8
22. e5 Bf5 23. Qc1 Ng4 24. exd6 exd6 25. h3 Nf6 26. g4 Bd7 27. Ng5 h6 28. Nge4
Ne8 29. Qa1 f6 30. f4 Na4 31. f5 Nxc3 32. Qxc3 gxf5 33. gxf5 Bxf5 34. Rf1 Bh7
35. Ng3 f5 36. Qf3 Rb2 37. Qd1 Qf6 38. Nf3 Rxg2+ 39. Kxg2 Qb2+ 40. Qe2 Qxa3 41.
Rf2 f4 42. Nh5 Qe3 43. Nd2 Bd4 44. Qg4+ Kh8 45. Re2 f3+ 0-1

[Event "Aeroflot Open B 2015"]
[Site "Moscú RUS"]
[Date "2015.03.29"]
[Round "3.25"]
[White "Tomashevskaya, Lidia"]
[Black "Litvinov, Maxim"]
[Result "1/2-1/2"]
[WhiteElo "2232"]
[BlackElo "2389"]
[PlyCount "83"]
[EventDate "2015.03.27"]
[EventRounds "9"]
[EventCountry "RUS"]
[Source "lmi"]
[SourceDate "2015.03.27"]

1. e4 e5 2. Nf3 Nc6 3. Bb5 Nf6 4. O-O Nxe4 5. d4 Nd6 6. Bxc6 dxc6 7. dxe5 Nf5
8. Qxd8+ Kxd8 9. Rd1+ Ke8 10. Nc3 h6 11. h3 Bc5 12. Ne4 Bb6 13. b3 Be6 14. c4
a5 15. Bb2 a4 16. Bc3 c5 17. Rac1 Rd8 18. Rxd8+ Kxd8 19. b4 cxb4 20. Bxb4 Ba7
21. a3 Kc8 22. c5 Rd8 23. Nc3 Bb3 24. Nb5 Kb8 25. Ba5 b6 26. Nxa7 Kxa7 27.
cxb6+ cxb6 28. Bb4 Ka6 29. g4 Nd4 30. Nxd4 Rxd4 31. Bf8 Rd3 32. Kh2 Be6 33. Ra1
h5 34. Bxg7 hxg4 35. hxg4 Bxg4 36. Bf8 Be6 37. Rc1 Bd5 38. Bb4 Rf3 39. Rc2 Kb5
40. Bd6 Be4 41. Re2 Bd5 42. Rc2 1/2-1/2

[Event "Aeroflot Open B 2015"]
[Site "Moscú RUS"]
[Date "2015.03.29"]
[Round "3.26"]
[White "Derakhshani, Dorsa"]
[Black "Petrosian, Davit G"]
[Result "1/2-1/2"]
[WhiteElo "2169"]
[BlackElo "2382"]
[PlyCount "145"]
[EventDate "2015.03.27"]
[EventRounds "9"]
[EventCountry "RUS"]
[Source "lmi"]
[SourceDate "2015.03.27"]

1. e4 e6 2. d4 d5 3. Nc3 Bb4 4. e5 Ne7 5. a3 Bxc3+ 6. bxc3 c5 7. Qg4 Qc7 8. Bd3
c4 9. Be2 Nf5 10. Qh3 Bd7 11. Nf3 Ba4 12. Ra2 Nc6 13. g4 Nfe7 14. Qh5 Ng6 15.
Ng5 O-O-O 16. f4 Qa5 17. Bd2 Qb6 18. Kf2 Rdf8 19. Kg2 Nxd4 20. cxd4 Qxd4 21. c3
Nxf4+ 22. Bxf4 Qxf4 23. Rf1 Qe3 24. Nxf7 Bc6 25. Qg5 d4+ 26. Bf3 Rxf7 27. Qxe3
dxe3 28. Bxc6 Rxf1 29. Bxb7+ Kxb7 30. Kxf1 Rd8 31. Rb2+ Kc6 32. Rb4 Kd5 33. Ke2
a5 34. Rb6 Kxe5 35. Rc6 Rd2+ 36. Kf3 Kd5 37. Ra6 Rd3 38. Rxa5+ Kd6 39. Ra6+ Ke5
40. Ra5+ Kd6 41. Ra6+ Ke7 42. Ra7+ Kf6 43. Rc7 Rxc3 44. a4 h6 45. a5 Ra3 46.
Rxc4 Rxa5 47. Kxe3 Kg5 48. Re4 e5 49. Kf3 Kh4 50. Kg2 Rd5 51. Re3 Kxg4 52. Rg3+
Kf4 53. Rxg7 Ke3 54. Rg6 e4 55. Rxh6 Kd2 56. Re6 e3 57. h4 e2 58. Kf2 Rf5+ 59.
Kg3 Rf1 60. Kg4 e1=Q 61. Rxe1 Rxe1 62. h5 Ke3 63. Kf5 Rh1 64. Kg6 Ke4 65. h6
Ke5 66. h7 Ke6 67. Kg7 Rg1+ 68. Kf8 Rh1 69. Kg7 Ke7 70. h8=Q Rg1+ 71. Kh7 Rh1+
72. Kg8 Rxh8+ 73. Kxh8 1/2-1/2

[Event "Aeroflot Open B 2015"]
[Site "Moscú RUS"]
[Date "2015.03.29"]
[Round "3.27"]
[White "Gorbatov, Alexej"]
[Black "Byambaa, Zulzaga"]
[Result "1-0"]
[WhiteElo "2372"]
[BlackElo "2286"]
[PlyCount "139"]
[EventDate "2015.03.27"]
[EventRounds "9"]
[EventCountry "RUS"]
[Source "lmi"]
[SourceDate "2015.03.27"]

1. e4 c6 2. d4 g6 3. Nf3 Bg7 4. Be2 d6 5. O-O Nf6 6. Nbd2 O-O 7. c3 Nbd7 8. Qc2
e5 9. dxe5 Nxe5 10. Nxe5 dxe5 11. Nc4 Qc7 12. Rd1 Be6 13. a4 b6 14. Bg5 Rfd8
15. b4 h6 16. Rxd8+ Rxd8 17. Bh4 g5 18. Bg3 Ne8 19. Ne3 f6 20. f3 Bf8 21. Bf2
Qf7 22. a5 b5 23. a6 Nd6 24. Nf5 Bb3 25. Qd2 Rd7 26. Nxd6 Bxd6 27. Qe3 Bf8 28.
g3 Qe6 29. Kg2 Be7 30. f4 exf4 31. gxf4 Bc2 32. e5 f5 33. h3 gxf4 34. Qxf4 Bg5
35. Qg3 Rg7 36. Kf1 Be4 37. Rd1 f4 38. Qg4 Bf5 39. Qf3 Bxh3+ 40. Ke1 Be7 41.
Qxf4 Bg4 42. Rd3 h5 43. Bxg4 hxg4 44. Qe4 Rg5 45. Bg3 Rg7 46. Rd2 Rh7 47. Rd4
Rg7 48. Ke2 Qa2+ 49. Rd2 Qe6 50. Rd4 Qa2+ 51. Rd2 Qe6 52. Rd4 Rg6 53. Kf1 Kg7
54. Rd2 Rg5 55. Kg2 Rg6 56. Qd4 c5 57. Qd7 cxb4 58. cxb4 Kh6 59. Qxe6 Rxe6 60.
Rd7 Bxb4 61. Rxa7 Bc5 62. Rc7 Bd4 63. a7 Re8 64. Rd7 Be3 65. Rb7 Ra8 66. Bf2
Bxa7 67. Bxa7 Kg6 68. e6 Kf6 69. e7 Kf7 70. Bc5 1-0

[Event "Aeroflot Open B 2015"]
[Site "Moscú RUS"]
[Date "2015.03.29"]
[Round "3.28"]
[White "Korchmar, Vasiliy"]
[Black "Hakobyan, Aram"]
[Result "1/2-1/2"]
[WhiteElo "2405"]
[BlackElo "2283"]
[PlyCount "47"]
[EventDate "2015.03.27"]
[EventRounds "9"]
[EventCountry "RUS"]
[Source "lmi"]
[SourceDate "2015.03.27"]

1. d4 Nf6 2. c4 e6 3. g3 Bb4+ 4. Bd2 a5 5. Bg2 O-O 6. Nc3 d5 7. Nf3 dxc4 8. O-O
Nc6 9. a3 Bxc3 10. Bxc3 Bd7 11. Rc1 a4 12. Ne5 Nxe5 13. dxe5 Nd5 14. Bxd5 exd5
15. Qxd5 Bh3 16. Qxb7 Bxf1 17. Rxf1 Qd7 18. f4 Rfd8 19. Qe4 Qd5 20. Qe3 Qc6 21.
Bd4 Qd5 22. Bc3 Qc6 23. Bd4 Qd5 24. Bc3 1/2-1/2

[Event "Aeroflot Open B 2015"]
[Site "Moscú RUS"]
[Date "2015.03.29"]
[Round "3.30"]
[White "Kulkarni, Rakesh"]
[Black "Gavrilov, Alexei"]
[Result "1-0"]
[WhiteElo "2282"]
[BlackElo "2485"]
[PlyCount "97"]
[EventDate "2015.03.27"]
[EventRounds "9"]
[EventCountry "RUS"]
[Source "lmi"]
[SourceDate "2015.03.27"]

1. e4 e5 2. Nf3 Nc6 3. d4 exd4 4. Nxd4 Bc5 5. Nxc6 Qf6 6. Qf3 dxc6 7. Qxf6 Nxf6
8. f3 Be6 9. Nc3 O-O-O 10. Bd2 Nd7 11. O-O-O Ne5 12. Be2 Nc4 13. Bf4 b5 14. Rd3
f6 15. Nd1 Kb7 16. a3 Rde8 17. h4 f5 18. Nc3 Rhf8 19. g3 Bc8 20. Rdd1 Ne5 21.
Bxe5 Rxe5 22. f4 Ree8 23. e5 Rd8 24. Rd3 Rxd3 25. Bxd3 Bf2 26. Rh3 Be6 27. Kd2
a6 28. h5 Bb6 29. Nd1 c5 30. c3 c4 31. Bc2 Kc6 32. Ne3 Kd7 33. Ke2 c6 34. Rh1
Bc5 35. g4 fxg4 36. f5 Bg8 37. h6 gxh6 38. Nxg4 Be7 39. Rxh6 Bg5 40. Rd6+ Kc7
41. Be4 Bd5 42. Bxd5 cxd5 43. f6 Bf4 44. Re6 h5 45. Ne3 Kd7 46. Rd6+ Kc8 47.
Rxd5 h4 48. e6 Bxe3 49. e7 1-0

[Event "Aeroflot Open B 2015"]
[Site "Moscú RUS"]
[Date "2015.03.29"]
[Round "3.31"]
[White "Gevorgyan, David"]
[Black "Ruecker, Benjamin"]
[Result "1/2-1/2"]
[WhiteElo "2386"]
[BlackElo "2269"]
[PlyCount "81"]
[EventDate "2015.03.27"]
[EventRounds "9"]
[EventCountry "RUS"]
[Source "lmi"]
[SourceDate "2015.03.27"]

1. e4 g6 2. d4 Bg7 3. Nf3 d6 4. Be2 Nf6 5. Nc3 O-O 6. O-O e6 7. h3 Nc6 8. Bg5
h6 9. Be3 b6 10. Qd2 Kh7 11. a3 Bb7 12. Bd3 e5 13. d5 Ne7 14. Rad1 c6 15. dxc6
Bxc6 16. Qe2 Qc7 17. Nb5 Bxb5 18. Bxb5 Nxe4 19. Bxh6 Nc3 20. Ng5+ Kg8 21. bxc3
Bxh6 22. Ne4 Rfd8 23. Qf3 d5 24. Nf6+ Kg7 25. Nxd5 Nxd5 26. Rxd5 Rxd5 27. Qxd5
Rd8 28. Qb3 Rd2 29. Bd3 Bg5 30. g3 e4 31. Bxe4 Be3 32. Kg2 Qc5 33. c4 Bxf2 34.
Qc3+ Qd4 35. Qxd4+ Bxd4+ 36. Kf3 Bc5 37. a4 f5 38. Bd3 Rh2 39. h4 Kf6 40. Be2
Ke5 41. Bd3 1/2-1/2

[Event "Aeroflot Open B 2015"]
[Site "Moscú RUS"]
[Date "2015.03.29"]
[Round "3.32"]
[White "Vuilleumier, Alexandre"]
[Black "Gurvich, Vitaly"]
[Result "0-1"]
[WhiteElo "2349"]
[BlackElo "2247"]
[PlyCount "80"]
[EventDate "2015.03.27"]
[EventRounds "9"]
[EventCountry "RUS"]
[Source "lmi"]
[SourceDate "2015.03.27"]

1. d4 Nf6 2. Bg5 Ne4 3. Bf4 c5 4. f3 Qa5+ 5. c3 Nf6 6. Nd2 cxd4 7. Nb3 Qd8 8.
cxd4 e6 9. e4 d5 10. e5 Nfd7 11. Bd3 Nc6 12. Ne2 Be7 13. O-O O-O 14. Qb1 h6 15.
Qe1 f5 16. g4 g5 17. Bd2 Nb6 18. Rc1 Qe8 19. Nc5 Nc4 20. Bxc4 dxc4 21. Rxc4 b6
22. Nb3 Ba6 23. Rc1 Qd7 24. Bc3 Qd5 25. gxf5 Rxf5 26. Ng3 Rxf3 27. Rxf3 Qxf3
28. Qe4 Qxe4 29. Nxe4 Rd8 30. Kf2 Bc4 31. Ke3 Bd5 32. Rg1 Rf8 33. Be1 Rf4 34.
Ned2 Nxd4 35. Bg3 Nf5+ 36. Kd3 Nxg3 37. hxg3 Rf5 38. Re1 Rf2 39. Kc3 Rg2 40.
Re3 a5 0-1

[Event "Aeroflot Open B 2015"]
[Site "Moscú RUS"]
[Date "2015.03.29"]
[Round "3.33"]
[White "Lomasov, Semen"]
[Black "Nazarenus, Moritz"]
[Result "1-0"]
[WhiteElo "2335"]
[BlackElo "2217"]
[PlyCount "87"]
[EventDate "2015.03.27"]
[EventRounds "9"]
[EventCountry "RUS"]
[Source "lmi"]
[SourceDate "2015.03.27"]

1. e4 c6 2. d4 d5 3. exd5 cxd5 4. Bd3 Nc6 5. c3 Nf6 6. Bf4 Bg4 7. Qb3 Na5 8.
Qa4+ Bd7 9. Qc2 Qb6 10. Nf3 e6 11. O-O Bd6 12. Bxd6 Qxd6 13. Ne5 Rc8 14. Qe2
O-O 15. Nd2 Rb8 16. f4 b5 17. Rf3 Nc4 18. Rh3 g6 19. Ndf3 Nh5 20. Rxh5 gxh5 21.
Ng5 f5 22. Qxh5 Qe7 23. Qxh7+ Qxh7 24. Nxh7 Nxe5 25. Nxf8 Nxd3 26. Nxd7 Rc8 27.
Ne5 Nxb2 28. Rb1 Na4 29. Rxb5 Rxc3 30. Rb8+ Kg7 31. Rb7+ Kg8 32. h4 Rg3 33.
Rxa7 Nc3 34. h5 Rg7 35. Ra8+ Kh7 36. Ng6 Rb7 37. Nf8+ Kh6 38. Nxe6 Kxh5 39. Kh2
Rb1 40. Rg8 Ne4 41. Nc5 Rb2 42. Nxe4 dxe4 43. Rg5+ Kh4 44. d5 1-0

[Event "Aeroflot Open B 2015"]
[Site "Moscú RUS"]
[Date "2015.03.29"]
[Round "3.34"]
[White "Savenkov, Konstantin"]
[Black "Zherebtsova, Alexandra"]
[Result "1/2-1/2"]
[WhiteElo "2331"]
[BlackElo "2184"]
[PlyCount "75"]
[EventDate "2015.03.27"]
[EventRounds "9"]
[EventCountry "RUS"]
[Source "lmi"]
[SourceDate "2015.03.27"]

1. e4 e5 2. Nf3 Nc6 3. Bc4 Bc5 4. c3 Nf6 5. d4 exd4 6. cxd4 Bb4+ 7. Bd2 Bxd2+
8. Nbxd2 d5 9. exd5 Nxd5 10. O-O O-O 11. Rc1 Nb6 12. Bb3 a5 13. a4 Nb4 14. Ne4
N6d5 15. Ne5 Ra6 16. Re1 Rh6 17. Qf3 c6 18. h3 Qh4 19. Rcd1 Re6 20. g3 Qd8 21.
h4 f6 22. Nd3 Nxd3 23. Qxd3 Rfe8 24. Re2 Kh8 25. Rde1 Nb4 26. Qb1 R6e7 27. Bf7
Bg4 28. Re3 Nd5 29. Bxd5 cxd5 30. Nc3 Rxe3 31. Rxe3 Rxe3 32. fxe3 Qd6 33. Kf2
g5 34. hxg5 fxg5 35. Qf1 Qe6 36. Qg2 Qf5+ 37. Ke1 Bf3 38. Qf1 1/2-1/2